000 00472nam a2200157Ia 4500
008 220216s9999 xx 000 0 und d
100 _aPunnoose K I
245 0 _aStudy on the relative efficiency of some nitrogenous fertilizers on the growth of rubber seedlings in the nursery
260 _bRubber Board Bulletin
_c1976
300 _a13-Nov
650 _aNitrogenous fertilizers
650 _aRubber
700 _aAbdul Kalam M
700 _aPotty S N
942 _cJS
999 _c69873
_d69873